Pasado, presente y futuro de la Ley orgánica del poder judicial (Record no. 80422)

MARC details
000 -LEADER
campo de control de longitud fija 00533nam a2200157 i 4500
001 - NÚMERO DE CONTROL
campo de control 80422
003 - IDENTIFICADOR DE NÚMERO DE CONTROL
campo de control ES-MaACL
005 - FECHA Y HORA DE LA ÚLTIMA TRANSACCIÓN
campo de control 20230906174218.0
007 - CAMPO FIJO DE DESCRIPCIÓN FÍSICA--INFORMACIÓN GENERAL
campo de control de longitud fija t|
008 - DATOS DE LONGITUD FIJA--INFORMACIÓN GENERAL
campo de control de longitud fija 041028s1970 sp ||||1| spa d
100 1# - ENTRADA PRINCIPAL--NOMBRE DE PERSONA
Nombre de persona Hijas Palacios, José.
9 (RLIN) 63663
245 10 - MENCIÓN DEL TÍTULO
Título Pasado, presente y futuro de la Ley orgánica del poder judicial
Resto del título : discurso, el 15 de septiembre de 1970 /
Mención de responsabilidad, etc. José Hijas Palacios.
260 ## - PUBLICACIÓN, DISTRIBUCIÓN, ETC.
Lugar de publicación, distribución, etc. Madrid :
Nombre del editor, distribuidor, etc. Presidencia del Tribunal Supremo,
Fecha de publicación, distribución, etc. 1970.
300 ## - DESCRIPCIÓN FÍSICA
Extensión 171 p. ;
Dimensiones 24 cm.
852 ## - LOCALIZACIÓN
Ubicación ES-MaACL
Número de control de estantería C-37978
Sublocalización o colección R.74622
Holdings
Estatus retirado Estado de pérdida Estado de daño No para préstamo Biblioteca de origen Biblioteca actual Ubicación en estantería Fecha de adquisición Fuente de adquisición Total de préstamos Signatura topográfica completa Código de barras Visto por última vez Precio de reemplazo Tipo de ítem Koha
        Biblioteca del Ateneo de Madrid Biblioteca del Ateneo de Madrid Depósito 2 17/01/2008     C-37978 1084083 23/02/2023 23/02/2023 Libro impreso